01571nam a22004217a 4500003000500000005001700005008004100022010001000063011001000073035001000083040000900093082001400102100003700116245003100153260005900184300002800243490003500271590004100306590004100347590004100388590004100429590004100470590004100511590004100552590004200593650003200635650003000667650003800697650003000735650004000765651004600805830004300851901000700894942001000901949007900911999001700990952014201007CHAP20220329140502.0971013s1994 r 00010 d a52657 a53629 a57779 cCHAP a907.2bA700aArmendariz, María Luisa.97180 aChiapas, una radiografía aMéxico, D. F. :bFondo de Cultura Económica,c1994 a403 p.b: ilus. ; mapas aVida y pensamiento de México aBATCH-UPDb10c20130109lUCH01h2337 aBATCH-UPDb10c20130110lUCH01h0220 aBATCH-UPDb10c20130110lUCH01h1144 aBATCH-UPDb10c20130409lUCH01h1905 aBATCH-UPDb10c20130410lUCH01h0352 aBATCH-UPDb10c20130914lUCH01h0035 aBATCH-UPDb10c20180802lUCH01h0851 aCONVERSIONb10c20130109lUCH01h132814aAgriculturaxChiapas.9135514aChiapasxHistoria.92223514aHistoriografíaxChiapas.95565314aIndios de Chiapas.95759314aRecursos naturalesxChiapas.99521514aChiapasxCondiciones económicas.9222250 aVida y pensamiento de México9119216 aBK cLIBRO a907.2 A7bBCcLIBROd33724000894168eLIBROgI. c/eh89824i57779sit48.00 c52657d52657 00102ddc4052708GRALaBCbBCcPP_GRALd2019-12-31eI. c/efLIBROl0o907.2 A7p33724000894168r2019-12-31 00:00:00w2019-12-31yLIBRO